000 00306nam a2200145Ia 4500
100 _aPandolfi/Fred
942 _cBK
654 _acomputer
245 _aMicrosoft Foundation Class 4 Bible
260 _bTechmedia
_c1996
082 _a5.133
_bPAM
300 _a1132
546 _aENGLISH
999 _c34605
_d34605